| 000 | 01401nam a2200373 i 4500 | ||
|---|---|---|---|
| 001 | bg | ||
| 003 | BPK | ||
| 005 | 20210623131304.0 | ||
| 008 | 070808s2007 pl a f f |000 0 pol | ||
| 015 | _aPB 20499/2007 | ||
| 020 | _a9788372424242 | ||
| 040 | _cBPK | ||
| 041 | _apol | ||
| 044 | _aPOL | ||
| 080 | _a658.1/.5 | ||
| 080 | _a69 | ||
| 080 | _a005.2 | ||
| 080 | _a005.52 | ||
| 080 | _a(075.8) | ||
| 100 | 1 |
_aStarzyk, Elżbieta _c(nauki techniczne). |
|
| 245 | 1 | 0 |
_aAnaliza strategiczna przedsiębiorstwa budowlanego i jego otoczenia : _bwybrane problemy i metody : podręcznik dla studentów wyższych szkół technicznych / _cElżbieta Starzyk, Michał Juszczyk, Renata Kozik ; Politechnika Krakowska im. T. Kościuszki. |
| 260 |
_aKraków : _bWydawnictwo PK, _c2007. |
||
| 300 |
_a268 s. : _bil. ; _c24 cm. |
||
| 504 | _aBibliogr. s. 253-256, wykaz aktów prawnych s. 256-257. | ||
| 650 | 4 |
_aBudownictwo _xzarządzanie. |
|
| 655 | 4 | _aPodręczniki akademickie | |
| 650 | 4 | _aZarządzanie strategiczne | |
| 650 | 4 | _aAnaliza strategiczna | |
| 700 | 1 | _aJuszczyk, Michał. | |
| 710 | 2 |
_aPolitechnika Krakowska im. Tadeusza Kościuszki _bWydawnictwo _4pbl. |
|
| 700 | 1 |
_aKozik, Renata _eAutor |
|
| 856 |
_uhttp://koha.tu.koszalin.pl/cgi-bin/koha/opac-detail.pl?biblionumber=55023 _yKatalog online BPK |
||
| 942 |
_cKS _2UKD |
||
| 999 |
_c55023 _d55023 |
||